000 00632nam a22002417a 4500
003 UA-OsUOA
001 104070
007 ta
008 20131203b un ||||| |||| 00| 0 ukr d
100 _aГригулевич И. Р.
090 _a262.13
_bГ83
942 _cBK
040 _aUA-OsUOA
_brus
_cUA-OsUOA
_dUA-OsUOA
245 _aПапство. Век ХХ.
300 _a532 с.
955 _a2
041 _arus
080 _a262.13
260 _aМ.
_bПолитиздат
_c1981
250 _nизд. второе, доп.
650 7 _a26 Християнська Церква загалом
_2UDC
999 _c389529
_d389529